Joueurs de foot par pays #2 - Statistiques

Statistiques générales
  • Ce quiz a été pris 165 fois
  • Le résultat moyen est 13 sur 21
Statistiques - réponses
Joueur Pays % Correct
Paolo Maldini Italie
95%
Radamel Falcao Colombie
92%
Mesut Ozil Allemagne
90%
Socrates Brésil
90%
Rui Costa Portugal
89%
Peter Schmeichel Danemark
85%
Bobby Moore Angleterre
81%
Yacine Brahimi Algérie
78%
Carlos Hierro Espagne
73%
Roger Milla Cameroun
61%
Jean Tigana France
61%
Asamoah Gyan Ghana
58%
Harry Kewell Australie
54%
Alexander Frei Suisse
53%
Darren Fletcher Ecosse
49%
Salif Keita Mali
44%
Milan Baros République Tchèque
39%
Tomas Brolin Suède
37%
Mido Egypte
32%
Enzo Scifo Belgique
27%
Matthew Booth Afrique du Sud
8%
Aucun quiz correspondant
Distribution des résultats
% des personnes avec chaque résultat
Percentile par nombre de réponses
Votre historique - résultats
Vous n’avez pas pris ce quiz